01002 2200325 4500001002100000005001500021035002000036007000300056040001700059100002900076245013500105250001200240300003200252504002600284041000800310082001100318084001700329090002300346264003400369336002100403337003000424338002300454650001400477700005000491700004000541850001000581008004100591990002200632990002200654INLIS00000000000675120260411122009 a0010-0622000086ta aSBPUPADbind1 aNolker,HelmutePengarang1 aPendidikan Kejuruan Pengajaran ,Kurikulum ,Perencanaan /cNolker,Helmut ;Pengarang ,Schoenfeldt ,Eberhard,Alih Bahasa,Agus Setiadi a.-cet.1 a214 hlm. :billus. ;c23 cm abibiliografi,Hlm 2131 aind a373.24 a373.24 NOL p a373.24 NOL p L9-R9 a.--Jakarta :bGramedia,c1983 2rdacontentaTeks 2rdamediaaTanpa Perantara 2rdacarrieravolume 4aPelajaran1 aPengarang Ke-2,hoenfeldt ,EberhardePengarang0 aAlih Bahasa,Agus SetiadiePengarang aPUPAD260411 0  a0861/B/ARPUS/2005 a0167/B/ARPUS/2005